LaLiga Teams - Statistics

General Stats
  • This quiz has been taken 92 times
  • The average score is 14 of 20
Answer Stats
Answer % Correct
2. Real Madrid
100%
1. Barcelona
99%
3. Atletico Madrid
88%
6. Real Betis
83%
14. Valencia
82%
4. Athletic Club
79%
15. Sevilla
74%
10. Real Sociedad
67%
9. Mallorca
66%
16. Girona
63%
20. Real Valladolid
62%
11. Rayo Vallecano
61%
13. Espanyol
57%
18. Las Palmas
56%
5. Villarreal
56%
7. Celta Vigo
55%
17. Deportivo Alaves
55%
12. Getafe
52%
8. Osasuna
50%
19. Leganes
44%
No matching quizzes found
Score Distribution
Percent of People with Each Score
Percentile by Number Answered
Your Score History
You have not taken this quiz